| 000 | 00832cam a22002171 4500 | ||
|---|---|---|---|
| 001 | sa 68010624 | ||
| 003 | DLC | ||
| 005 | 20260227112553.0 | ||
| 008 | 940624s1967 io 000 0 ind | ||
| 010 | _asa 68010624 | ||
| 025 | _aPL480:Indo-6981 | ||
| 035 | _a(OCoLC)30663167 | ||
| 040 |
_aDLC _cCU _dCU _dDLC |
||
| 050 | 0 | 0 |
_aJQ763 1967 _b.N6 |
| 100 | 0 |
_aNotonagoro, _d1905- |
|
| 245 | 1 | 0 |
_aBeberapa hal mengenai falsafah Pantjasila; _bpengertian inti-isi-mutlak daripada Pantjasila, dasar falsafah negara, pokok pangkal pelaksanaannja setjara murni dan konsekwen. |
| 260 |
_a[Djakarta, _bPantjuran Tudjuh, _c1967] |
||
| 300 |
_a57 p. _c21 cm. |
||
| 500 | _a"Uraian pada dies natalis I Universitas Pantjasila, tanggal 18 Nop. 1967, di aula Univ. Pantjasila Djakarta." | ||
| 651 | 0 |
_aIndonesia _xPolitics and government _y1950-1966. |
|
| 999 |
_c83457 _d83457 |
||